000 00688nam a22002177a 4500
003 UA-OsUOA
001 45244
007 ta
008 20070403b un ||||| |||| 00| 0 ukr d
100 _aНауменкова С.В.
090 _a330
_bН-11
942 _cSA
040 _aUA-OsUOA
_bukr
_cUA-OsUOA
_dUA-OsUOA
245 _aОсновні напрями підвищення ефективності управління державними корпоративними правами
300 _aС.13-31
955 _a0
041 _aukr
080 _a330
773 0 _w45243
_tФінанси України
_dК.
_d2007
_g2
650 7 _a330 Економіка взагалі
_2UDC
999 _c331342
_d331342